[Event "SVK-chT2B 2223"]
[Site "Slovakia"]
[Date "2022.11.12"]
[Round "3.3"]
[White "Macko, Peter"]
[Black "Polacik, Igor"]
[Result "1/2-1/2"]
[WhiteElo "2016"]
[BlackElo "2138"]
[PlyCount "216"]
[EventDate "2022.10.08"]
[EventType "team-tourn"]
[EventRounds "11"]
[EventCountry "SVK"]
[SourceTitle "EXT 2024"]
[Source "ChessBase"]
[SourceDate "2023.10.10"]
[SourceVersion "1"]
[SourceVersionDate "2023.10.10"]
[SourceQuality "1"]
[WhiteTeam "Surany"]
[BlackTeam "Levice II"]
[WhiteTeamCountry "SVK"]
[BlackTeamCountry "SVK"]

1. e4 e5 2. Nc3 Nf6 3. g3 Bc5 4. Bg2 0-0 5. Nge2 Nc6 6. 0-0 a6 7. d3 d6 8. h3 b5 9. Kh2 b4 10. Nb1 Bb7 11. Be3 Bxe3 12. fxe3 Ne7 13. Nd2 Ng6 14. Nc4 Re8 15. Qd2 c5 16. Rf2 Ra7 17. Raf1 Bc6 18. g4 Re6 19. Ng3 Nh4 20. Bh1 Ne8 21. Nf5 Ng6 22. Qe2 Bb5 23. Nd2 Nh4 24. Rg1 Bc6 25. g5 Ng6 26. Qg4 d5 27. h4 Nf8 28. Rff1 d4 29. Rg3 Bb7 30. Nc4 Bc8 31. Qe2 a5 32. Bf3 Ba6 33. b3 Bxc4 34. bxc4 Rb6 35. Bg4 a4 36. Rb1 Rab7 37. Bh3 Ne6 38. Rgg1 b3 39. cxb3 axb3 40. axb3 Rxb3 41. Qc2 Qb8 42. Ne7+ Kf8 43. Nc6 Rxb1 44. Rxb1 Qc7 45. Rxb7 Qxb7 46. Bxe6 Qxc6 47. Bd5 Qd6 48. Qf2 f6 49. Qf5 g6 50. Qh3 Kg7 51. Kg2 Qe7 52. Qg3 fxg5 53. hxg5 h6 54. gxh6+ Kxh6 55. exd4 exd4 56. Qh3+ Kg7 57. Qe6 Qxe6 58. Bxe6 Kf6 59. Bd7 Nd6 60. Kf3 Nf7 61. Ke2 Ne5 62. Bh3 Kg5 63. Bf1 Kf4 64. Kf2 g5 65. Be2 Nc6 66. Bf1 Ke5 67. Kg3 Kf6 68. Be2 Ne5 69. Kh3 Ke6 70. Kg3 Kd6 71. Kf2 Kc6 72. Ke1 Kb6 73. Kd2 Ka5 74. Bf1 Kb4 75. Be2 Kb3 76. Bd1+ Kb2 77. Be2 Ka3 78. Bf1 Kb4 79. Be2 Ka5 80. Ke1 Kb6 81. Kf2 Kc6 82. Ke1 Kd6 83. Kf2 Ke6 84. Kg3 Kf6 85. Kh3 Kg6 86. Kg3 Nd7 87. Kg4 Nf6+ 88. Kg3 Kf7 89. Bg4 Ng8 90. Bf5 Kf6 91. Bg4 Ke5 92. Be2 Nf6 93. Bg4 Nxe4+ 94. dxe4 Kxe4 95. Kf2 Kd3 96. Be6 Kc2 97. Ke1 d3 98. Bf5 Kc3 99. Kd1 Kxc4 100. Kd2 g4 101. Bxd3+ Kd4 102. Bf1 c4 103. Bg2 c3+ 104. Kc2 g3 105. Bb7 Ke3 106. Kxc3 Kf2 107. Kd2 g2 108. Bxg2 Kxg2 1/2-1/2

[Event "SVK-chT2B 2223"]
[Site "Slovakia"]
[Date "2022.10.09"]
[Round "2.3"]
[White "Orgon, Dusan"]
[Black "Polacik, Igor"]
[Result "1-0"]
[WhiteElo "1980"]
[BlackElo "2139"]
[PlyCount "61"]
[EventDate "2022.10.08"]
[EventType "team-tourn"]
[EventRounds "11"]
[EventCountry "SVK"]
[SourceTitle "CBM 210 Extra"]
[Source "ChessBase"]
[SourceDate "2022.11.30"]
[SourceVersion "1"]
[SourceVersionDate "2022.11.30"]
[SourceQuality "1"]
[WhiteTeam "Dubnica nad Vahom III"]
[BlackTeam "Levice II"]
[WhiteTeamCountry "SVK"]
[BlackTeamCountry "SVK"]

1. e4 c5 2. Nc3 Nc6 3. f4 g6 4. Nf3 Bg7 5. Bc4 e6 6. 0-0 Nge7 7. d3 0-0 8. a3 Rb8 9. Rb1 a6 10. Ne2 d5 11. Bb3 b5 12. c3 dxe4 13. dxe4 Bb7 14. Be3 Na5 15. Ng3 Nxb3 16. Qxb3 Qc7 17. Qc2 Rfe8 18. Qf2 c4 19. Rbd1 Ba8 20. f5 exf5 21. exf5 Nd5 22. Bd4 Bxd4 23. Rxd4 Nf4 24. Qd2 Bxf3 25. Rxf3 Nd3 26. Ne4 Qb6 27. Kf1 Re5 28. Qh6 gxf5 29. Rg3+ Qg6 30. Rxg6+ hxg6 31. Nf6# 1-0

[Event "SVK-chT1W 2122"]
[Site "Slovakia"]
[Date "2022.02.26"]
[Round "3.4"]
[White "Macko, Peter"]
[Black "Polacik, Igor"]
[Result "1/2-1/2"]
[WhiteElo "2037"]
[BlackElo "2122"]
[PlyCount "32"]
[EventDate "2021.11.06"]
[EventType "team-tourn"]
[EventRounds "11"]
[EventCountry "SVK"]
[SourceTitle "EXT 2023"]
[Source "ChessBase"]
[SourceDate "2022.10.05"]
[SourceVersion "1"]
[SourceVersionDate "2022.10.05"]
[SourceQuality "1"]
[WhiteTeam "Bratislava KSN"]
[BlackTeam "Bratislava Doprastav"]
[WhiteTeamCountry "SVK"]
[BlackTeamCountry "SVK"]

1. e4 e5 2. Nc3 Nf6 3. g3 Nc6 4. Bg2 Bc5 5. Nge2 a6 6. 0-0 d6 7. h3 h5 8. d3 Be6 9. Nd5 Qd7 10. Bg5 Nh7 11. Be3 0-0-0 12. Kh2 Bxe3 13. Nxe3 Nf6 14. d4 d5 15. dxe5 Nxe4 16. c4 d4 1/2-1/2

[Event "SVK-chT2B 1920"]
[Site "Slovakia"]
[Date "2020.02.16"]
[Round "9.2"]
[White "Hanko, Pavol"]
[Black "Polacik, Igor"]
[Result "1/2-1/2"]
[WhiteElo "2107"]
[BlackElo "2164"]
[PlyCount "53"]
[EventDate "2019.10.26"]
[EventType "team-tourn"]
[EventRounds "11"]
[EventCountry "SVK"]
[SourceTitle "CBM 195 Extra"]
[Source "ChessBase"]
[SourceDate "2020.05.31"]
[SourceVersion "1"]
[SourceVersionDate "2020.05.31"]
[SourceQuality "1"]
[WhiteTeam "Prievidza"]
[BlackTeam "Levice"]
[WhiteTeamCountry "SVK"]
[BlackTeamCountry "SVK"]

1. d4 d6 2. Nf3 g6 3. c4 Bg7 4. Nc3 Nc6 5. e3 Nf6 6. Be2 0-0 7. 0-0 e5 8. d5 Ne7 9. b4 Bg4 10. Bb2 Nd7 11. Ne4 Nf6 12. Nxf6+ Bxf6 13. Nd2 Bxe2 14. Qxe2 Bg7 15. e4 Qd7 16. c5 f5 17. f3 Bh6 18. Nc4 fxe4 19. fxe4 Rxf1+ 20. Rxf1 Rf8 21. Rxf8+ Bxf8 22. Qf3 Nc8 23. cxd6 cxd6 24. a3 Be7 25. h3 Bd8 26. Bc1 Kg7 27. Be3 1/2-1/2

[Event "SVK-chT2B 1920"]
[Site "Slovakia"]
[Date "2019.11.17"]
[Round "4.2"]
[White "Polacik, Igor"]
[Black "Gulbis, Adrian"]
[Result "1/2-1/2"]
[WhiteElo "2153"]
[BlackElo "2088"]
[PlyCount "41"]
[EventDate "2019.10.26"]
[EventType "team-tourn"]
[EventRounds "11"]
[EventCountry "SVK"]
[SourceTitle "CBM 193 Extra"]
[Source "ChessBase"]
[SourceDate "2020.01.31"]
[SourceVersion "1"]
[SourceVersionDate "2020.01.31"]
[SourceQuality "1"]
[WhiteTeam "Levice"]
[BlackTeam "Surany"]
[WhiteTeamCountry "SVK"]
[BlackTeamCountry "SVK"]

1. Nf3 Nf6 2. c4 c6 3. e3 d5 4. Nc3 e6 5. d4 Nbd7 6. Bd3 dxc4 7. Bxc4 b5 8. Bb3 a6 9. 0-0 c5 10. Qe2 Bb7 11. Rd1 Qb6 12. a3 Be7 13. Ba2 0-0 14. dxc5 Nxc5 15. b4 Nce4 16. Bb2 Rfd8 17. Nxe4 Bxe4 18. Ne5 Rac8 19. Rxd8+ Qxd8 20. Rd1 Qc7 21. f3 1/2-1/2

[Event "SVK-chT1W 1819"]
[Site "Slovakia"]
[Date "2019.02.02"]
[Round "7.6"]
[White "Privara, Igor"]
[Black "Polacik, Igor"]
[Result "1/2-1/2"]
[WhiteElo "2209"]
[BlackElo "2209"]
[PlyCount "59"]
[EventDate "2018.10.27"]
[EventType "team-tourn"]
[EventRounds "11"]
[EventCountry "SVK"]
[SourceTitle "CBM 188 Extra"]
[Source "ChessBase"]
[SourceDate "2019.02.26"]
[SourceVersion "1"]
[SourceVersionDate "2019.02.26"]
[SourceQuality "1"]
[WhiteTeam "Bratislava Slovan II"]
[BlackTeam "Bratislava Lokomotiva"]
[WhiteTeamCountry "SVK"]
[BlackTeamCountry "SVK"]

1. e4 c5 2. c3 g6 3. d4 cxd4 4. cxd4 Bg7 5. Nc3 d6 6. Nf3 Nf6 7. Bc4 0-0 8. 0-0 Nc6 9. d5 Ne5 10. Nxe5 dxe5 11. Be2 Ne8 12. Be3 Nd6 13. Rc1 Bd7 14. Qb3 Qa5 15. a4 Rfc8 16. Qa3 Qd8 17. Bc5 Bf8 18. Bxd6 exd6 19. Bb5 a6 20. Bxd7 Qxd7 21. a5 Bh6 22. Rcd1 Rc4 23. Rd3 Rac8 24. g3 Bg5 25. Qb3 Bd8 26. Ra1 R4c5 27. Qb4 Rc4 28. Qb3 R4c5 29. Qb4 Rc4 30. Qb3 1/2-1/2

[Event "SVK-chT2A 1819"]
[Site "Slovakia"]
[Date "2018.12.15"]
[Round "5.5"]
[White "Polacik, Igor"]
[Black "Biro, Karol"]
[Result "1/2-1/2"]
[WhiteElo "2196"]
[BlackElo "2072"]
[PlyCount "80"]
[EventDate "2018.10.13"]
[EventType "team-tourn"]
[EventRounds "11"]
[EventCountry "SVK"]
[SourceTitle "CBM 189 Extra"]
[Source "ChessBase"]
[SourceDate "2019.06.03"]
[SourceVersion "1"]
[SourceVersionDate "2019.06.03"]
[SourceQuality "1"]
[WhiteTeam "Bratislava Doprastav"]
[BlackTeam "Krasnany"]
[WhiteTeamCountry "SVK"]
[BlackTeamCountry "SVK"]

1. e4 e5 2. Nf3 Nc6 3. d4 exd4 4. Nxd4 Bc5 5. Nb3 Bb6 6. Nc3 d6 7. Qe2 Nf6 8. Be3 0-0 9. 0-0-0 Bxe3+ 10. Qxe3 Be6 11. Nc5 Qc8 12. Nxe6 Qxe6 13. f3 Rfe8 14. Qd2 Ne5 15. Bb5 c6 16. Ba4 Nc4 17. Qd4 Red8 18. Bb3 b5 19. Rhe1 h6 20. Rd2 a6 21. Bxc4 bxc4 22. Qb6 Rdc8 23. Red1 d5 24. exd5 cxd5 25. Qa5 Qe3 26. Kb1 Rc5 27. Qb6 Qe7 28. Qb4 Qc7 29. Nxd5 Nxd5 30. Rxd5 Rxd5 31. Rxd5 Qxh2 32. a4 Qxg2 33. Qxc4 Qxf3 34. Qc6 Rf8 35. c4 Qe2 36. Qxa6 h5 37. Qb5 h4 38. Qb3 Rc8 39. c5 h3 40. Qxh3 Rb8 1/2-1/2

[Event "SVK-chT2A 1718"]
[Site "Slovakia"]
[Date "2018.02.04"]
[Round "7.6"]
[White "Polacik, Igor"]
[Black "Mikulas, Dusan"]
[Result "1/2-1/2"]
[WhiteElo "2183"]
[BlackElo "2046"]
[PlyCount "23"]
[EventDate "2017.10.28"]
[EventType "team-tourn"]
[EventRounds "11"]
[EventCountry "SVK"]
[SourceTitle "EXT 2019"]
[Source "ChessBase"]
[SourceDate "2018.10.10"]
[SourceVersion "1"]
[SourceVersionDate "2018.10.10"]
[SourceQuality "1"]
[WhiteTeam "Bratislava Doprastav"]
[BlackTeam "Bratislava Slovan IV"]
[WhiteTeamCountry "SVK"]
[BlackTeamCountry "SVK"]

1. d4 Nf6 2. c4 g6 3. Nc3 Bg7 4. e4 d6 5. Be2 0-0 6. Bg5 h6 7. Be3 Nc6 8. h4 e5 9. d5 Nd4 10. Bxd4 exd4 11. Qxd4 Re8 12. Qd3 1/2-1/2

[Event "SVK-chT1W 1718"]
[Site "Slovakia"]
[Date "2017.12.02"]
[Round "5.6"]
[White "Polacik, Igor"]
[Black "Macko, Peter"]
[Result "1-0"]
[WhiteElo "2177"]
[BlackElo "2074"]
[PlyCount "83"]
[EventDate "2017.10.21"]
[EventType "team-tourn"]
[EventRounds "11"]
[EventCountry "SVK"]
[SourceTitle "EXT 2019"]
[Source "ChessBase"]
[SourceDate "2018.10.10"]
[SourceVersion "1"]
[SourceVersionDate "2018.10.10"]
[SourceQuality "1"]
[WhiteTeam "Bratislava Lokomotiva"]
[BlackTeam "Bratislava KSN"]
[WhiteTeamCountry "SVK"]
[BlackTeamCountry "SVK"]

1. d4 Nf6 2. Nf3 c5 3. d5 b5 4. c4 g6 5. cxb5 a6 6. b6 d6 7. Nc3 Nbd7 8. e4 Bg7 9. Be2 0-0 10. 0-0 a5 11. Re1 Qxb6 12. Nd2 Qb8 13. a4 Ne8 14. Ra3 Ba6 15. Bxa6 Rxa6 16. Qe2 Nc7 17. Kh1 Qa8 18. Qg4 Ne5 19. Qh3 h5 20. f4 Ng4 21. Qf3 Rb6 22. h3 Nf6 23. Qg3 Kh7 24. Nf3 Rb4 25. Na2 Rbb8 26. Rd3 Rfd8 27. Nc3 e6 28. Ng5+ Kg8 29. dxe6 fxe6 30. Nf3 Kh7 31. Nh4 d5 32. Qxg6+ Kh8 33. e5 Ne4 34. Nxe4 dxe4 35. Rg3 Rd7 36. Qxh5+ Kg8 37. f5 exf5 38. Nxf5 Ne6 39. Rf1 Qc6 40. Nh6+ Kh7 41. Nf7+ Kg8 42. Qh8# 1-0

[Event "SVK-chT1W 1718"]
[Site "Slovakia"]
[Date "2017.11.05"]
[Round "4.5"]
[White "Sukuba, Zdeno"]
[Black "Polacik, Igor"]
[Result "1/2-1/2"]
[WhiteElo "2184"]
[BlackElo "2180"]
[PlyCount "38"]
[EventDate "2017.10.21"]
[EventType "team-tourn"]
[EventRounds "11"]
[EventCountry "SVK"]
[SourceTitle "CBM 181 Extra"]
[Source "ChessBase"]
[SourceDate "2017.12.12"]
[SourceVersion "1"]
[SourceVersionDate "2017.12.12"]
[SourceQuality "1"]
[WhiteTeam "Dubnica nad Vahom II"]
[BlackTeam "Bratislava Lokomotiva"]
[WhiteTeamCountry "SVK"]
[BlackTeamCountry "SVK"]

1. c4 c5 2. Nf3 Nc6 3. d4 cxd4 4. Nxd4 g6 5. e4 Bg7 6. Be3 Nf6 7. Nc3 d6 8. Be2 Bd7 9. 0-0 0-0 10. Re1 Nxd4 11. Bxd4 Bc6 12. f4 e5 13. fxe5 dxe5 14. Bxe5 Nxe4 15. Bxg7 Kxg7 16. Nxe4 Bxe4 17. Qxd8 Raxd8 18. Red1 b6 19. Kf2 Kf6 1/2-1/2

[Event "SVK-chT1W 1718"]
[Site "Slovakia"]
[Date "2017.11.04"]
[Round "3.7"]
[White "Polacik, Igor"]
[Black "Koloditsova, Renata"]
[Result "1/2-1/2"]
[WhiteElo "2180"]
[BlackElo "2002"]
[PlyCount "92"]
[EventDate "2017.10.21"]
[EventType "team-tourn"]
[EventRounds "11"]
[EventCountry "SVK"]
[SourceTitle "CBM 181 Extra"]
[Source "ChessBase"]
[SourceDate "2017.12.12"]
[SourceVersion "1"]
[SourceVersionDate "2017.12.12"]
[SourceQuality "1"]
[WhiteTeam "Bratislava Lokomotiva"]
[BlackTeam "Gabcikovo Russel"]
[WhiteTeamCountry "SVK"]
[BlackTeamCountry "SVK"]

1. d4 d5 2. c4 c6 3. Nf3 e6 4. e3 f5 5. Bd3 Nf6 6. 0-0 Bd6 7. b3 Qe7 8. Bb2 0-0 9. Qe2 Nbd7 10. cxd5 cxd5 11. Nc3 a6 12. Rac1 b5 13. a4 b4 14. Nb1 a5 15. Rc2 Bb7 16. Rfc1 Rfc8 17. Nbd2 Qd8 18. Ne5 Rxc2 19. Rxc2 Rc8 20. Ndf3 Rxc2 21. Qxc2 Qc7 22. Qxc7 Bxc7 23. Nxd7 Nxd7 24. Ng5 Nf8 25. Bb5 h6 26. Nf3 Kf7 27. Ne5+ Kf6 28. f4 Ke7 29. Kf2 Nh7 30. Ke2 Nf6 31. Bd3 g5 32. fxg5 hxg5 33. h3 Nd7 34. Nxd7 Kxd7 35. Bc1 Bg3 36. Bd2 Ke8 37. Kf3 Bd6 38. Be1 Kf7 39. Bg3 Bxg3 40. Kxg3 Kf6 41. Kf2 e5 42. g3 e4 43. Bb5 Bc8 44. h4 g4 45. Ke1 Be6 46. Kd2 Bf7 1/2-1/2

[Event "Stara Lubovna op"]
[Site "Stara Lubovna"]
[Date "2017.05.05"]
[Round "1"]
[White "Polacik, Igor"]
[Black "Gajarsky, Roman"]
[Result "1-0"]
[WhiteElo "2189"]
[BlackElo "1777"]
[PlyCount "95"]
[EventDate "2017.05.05"]
[EventType "swiss"]
[EventRounds "7"]
[EventCountry "SVK"]
[SourceTitle "CBM 178 Extra"]
[Source "ChessBase"]
[SourceDate "2017.06.22"]
[SourceVersion "1"]
[SourceVersionDate "2017.06.22"]
[SourceQuality "1"]

1. e4 c5 2. Nf3 Nc6 3. d4 cxd4 4. Nxd4 e6 5. Nc3 a6 6. Be2 Bc5 7. Nb3 Ba7 8. Bf4 Nge7 9. 0-0 Ng6 10. Bd6 Qg5 11. Qd2 Qxd2 12. Nxd2 b5 13. a4 b4 14. Na2 Bd4 15. c3 bxc3 16. bxc3 Be5 17. Nc4 Bxd6 18. Nxd6+ Ke7 19. Rfd1 Rd8 20. Nb4 Nb8 21. a5 Ne5 22. f4 Nec6 23. Nc2 f6 24. Ne3 Na7 25. Nec4 Nbc6 26. Rd2 Nb5 27. Nb6 Rb8 28. Bxb5 axb5 29. Ndxc8+ Rbxc8 30. Nxc8+ Rxc8 31. a6 Na7 32. Rd3 Rc6 33. Kf2 Rc7 34. Ke2 Rc4 35. Ke3 Rc7 36. g4 Rc6 37. h4 h6 38. Rad1 Rc7 39. Ra1 Rc6 40. Ra3 Rc7 41. Rd4 Rc6 42. Kd2 d6 43. f5 e5 44. Rd3 Kd7 45. Rg3 Ke7 46. g5 hxg5 47. hxg5 Rc4 48. Kd3 1-0

[Event "SVK-chT1W 1617"]
[Site "Slovakia"]
[Date "2017.03.18"]
[Round "10.4"]
[White "Polacik, Igor"]
[Black "Marko, Anton"]
[Result "1-0"]
[WhiteElo "2199"]
[BlackElo "2080"]
[PlyCount "87"]
[EventDate "2016.10.15"]
[EventType "team-tourn"]
[EventRounds "11"]
[EventCountry "SVK"]
[SourceTitle "EXT 2019"]
[Source "ChessBase"]
[SourceDate "2018.10.10"]
[SourceVersion "1"]
[SourceVersionDate "2018.10.10"]
[SourceQuality "1"]
[WhiteTeam "Bratislava Lokomotiva"]
[BlackTeam "Prievidza"]
[WhiteTeamCountry "SVK"]
[BlackTeamCountry "SVK"]

1. e4 g6 2. d4 Bg7 3. Nc3 d6 4. Nf3 Nf6 5. Be2 0-0 6. 0-0 Nc6 7. h3 e5 8. Be3 exd4 9. Nxd4 Re8 10. Nxc6 bxc6 11. Bf3 Bb7 12. Re1 c5 13. Bg5 Qc8 14. Rb1 Rb8 15. Qd2 Nd7 16. b3 Ne5 17. Be2 f6 18. Bh4 Nf7 19. Bc4 Qd8 20. Rbd1 Kf8 21. f4 Bh6 22. Qf2 g5 23. Bxf7 gxh4 24. Bxe8 Qxe8 25. Qxh4 Qg6 26. Rd3 Bg7 27. f5 Qh6 28. Qxh6 Bxh6 29. Nd5 Bxd5 30. exd5 Bf4 31. Re4 Be5 32. Kf1 Kf7 33. Ra4 Ra8 34. Re3 a5 35. Ree4 Bc3 36. Ke2 Rg8 37. Rg4 Re8+ 38. Rae4 Rb8 39. Kd3 Be5 40. Ra4 Ra8 41. Kc4 h5 42. Rh4 Rg8 43. g4 hxg4 44. hxg4 1-0

[Event "SVK-chT1W 1617"]
[Site "Slovakia"]
[Date "2017.02.25"]
[Round "8.4"]
[White "Polacik, Igor"]
[Black "Pinter, Patrik"]
[Result "1/2-1/2"]
[WhiteElo "2199"]
[BlackElo "2154"]
[PlyCount "33"]
[EventDate "2016.10.15"]
[EventType "team-tourn"]
[EventRounds "11"]
[EventCountry "SVK"]
[SourceTitle "EXT 2018"]
[Source "ChessBase"]
[SourceDate "2017.10.13"]
[SourceVersion "1"]
[SourceVersionDate "2017.10.13"]
[SourceQuality "1"]
[WhiteTeam "Bratislava Lokomotiva"]
[BlackTeam "Nitra NSK"]
[WhiteTeamCountry "SVK"]
[BlackTeamCountry "SVK"]

1. e4 g6 2. d4 Bg7 3. Nc3 c5 4. d5 d6 5. Nf3 Nf6 6. Be2 0-0 7. h3 b5 8. Nxb5 Nxe4 9. 0-0 a6 10. Na3 Nd7 11. Re1 Nb6 12. Bf1 Nf6 13. c4 Re8 14. Rb1 Bf5 15. Bd3 Qd7 16. b3 Bxd3 17. Qxd3 1/2-1/2

[Event "SVK-chT2A 1617"]
[Site "Slovakia"]
[Date "2017.02.12"]
[Round "9.7"]
[White "Mandak, Miroslav"]
[Black "Polacik, Igor"]
[Result "0-1"]
[WhiteElo "1999"]
[BlackElo "2173"]
[PlyCount "165"]
[EventDate "2016.10.08"]
[EventType "team-tourn"]
[EventRounds "11"]
[EventCountry "SVK"]
[SourceTitle "EXT 2018"]
[Source "ChessBase"]
[SourceDate "2017.10.13"]
[SourceVersion "1"]
[SourceVersionDate "2017.10.13"]
[SourceQuality "1"]
[WhiteTeam "Krasnany"]
[BlackTeam "Bratislava Doprastav"]
[WhiteTeamCountry "SVK"]
[BlackTeamCountry "SVK"]

1. d4 Nf6 2. Nf3 g6 3. c4 Bg7 4. Nc3 d5 5. e3 0-0 6. cxd5 Nxd5 7. Bc4 Nb6 8. Bb3 Nc6 9. 0-0 e5 10. d5 Na5 11. Bc2 f5 12. e4 Nac4 13. Nd2 f4 14. Bb3 Nd6 15. a4 Nd7 16. Nc4 Nc5 17. Nxd6 cxd6 18. Bc4 a5 19. Be2 h5 20. Ra3 Rf7 21. Bd2 Bf8 22. Be1 Rh7 23. Kh1 Qe8 24. Rg1 Kh8 25. Qc2 g5 26. Nb5 g4 27. b4 axb4 28. Bxb4 b6 29. Bxc5 bxc5 30. Rf1 Qg6 31. Rg1 h4 32. Bf1 Bh6 33. f3 Bg5 34. h3 g3 35. Bc4 Bd8 36. Rga1 Ba5 37. Bf1 Rb7 38. Bc4 Kg7 39. R3a2 Kf8 40. Kg1 Ke7 41. Rb1 Bd7 42. Rba1 Qe8 43. Qe2 Qd8 44. Qf1 Bb4 45. Kh1 Qa5 46. Qc1 Be8 47. Kg1 Rbb8 48. Kf1 Bd7 49. Qc2 Qd8 50. Kg1 Qb6 51. Kh1 Qa5 52. Qc1 Qb6 53. Qc2 Ra5 54. Qb3 Qd8 55. Qc2 Qc8 56. Bf1 Rb7 57. Kg1 Qb8 58. Qd1 Qa8 59. Qc2 Qe8 60. Qd1 Qh5 61. Qb3 Qh8 62. Qc2 Qa8 63. Qb3 Qd8 64. Kh1 Rb8 65. Qc2 Rba8 66. Qb3 Qb6 67. Qc2 Rb8 68. Qb3 Raa8 69. Qc2 Qa5 70. Qc1 Bxb5 71. axb5 Qxa2 72. Rxa2 Rxa2 73. Qc4 Ra1 74. Kg1 Kd8 75. Qc2 Kc7 76. Qb2 Rba8 77. b6+ Kxb6 78. Qe2 R8a5 79. Qc4 Kc7 80. Qd3 Re1 81. Qc4 Raa1 82. Qb5 Rxf1+ 83. Qxf1 0-1

[Event "SVK-chT2A 1617"]
[Site "Slovakia"]
[Date "2017.01.21"]
[Round "7.6"]
[White "Polacik, Igor"]
[Black "Merva, Frantisek"]
[Result "1/2-1/2"]
[WhiteElo "2173"]
[BlackElo "2102"]
[PlyCount "64"]
[EventDate "2016.10.08"]
[EventType "team-tourn"]
[EventRounds "11"]
[EventCountry "SVK"]
[SourceTitle "EXT 2018"]
[Source "ChessBase"]
[SourceDate "2017.10.13"]
[SourceVersion "1"]
[SourceVersionDate "2017.10.13"]
[SourceQuality "1"]
[WhiteTeam "Bratislava Doprastav"]
[BlackTeam "Potonska Veza"]
[WhiteTeamCountry "SVK"]
[BlackTeamCountry "SVK"]

1. e4 e5 2. Nc3 Nf6 3. f4 d5 4. fxe5 Nxe4 5. Nf3 Be7 6. d3 Nxc3 7. bxc3 Nd7 8. Be2 0-0 9. 0-0 f6 10. d4 fxe5 11. dxe5 Nc5 12. c4 Be6 13. Nd4 Rxf1+ 14. Qxf1 dxc4 15. Bb2 Bd5 16. Nf5 Bf8 17. Rd1 c6 18. Ne3 Ne6 19. Kh1 Bc5 20. Nxd5 cxd5 21. Bxc4 Qb6 22. Bb3 Kh8 23. Rxd5 Rf8 24. Qc4 Be7 25. Rd1 Qf2 26. h3 Nf4 27. Qe4 Bh4 28. Bd5 Ne2 29. Qd3 Ng3+ 30. Kh2 Qf4 31. Kg1 Qf2+ 32. Kh2 Qf4 1/2-1/2

[Event "Staufer op 29th"]
[Site "Schwaebisch Gmuend"]
[Date "2017.01.02"]
[Round "1"]
[White "Burmakin, Vladimir"]
[Black "Polacik, Igor"]
[Result "1-0"]
[WhiteElo "2526"]
[BlackElo "2199"]
[PlyCount "67"]
[EventDate "2017.01.02"]
[EventType "swiss"]
[EventRounds "9"]
[EventCountry "GER"]
[SourceTitle "CBM 176 Extra"]
[Source "ChessBase"]
[SourceDate "2017.03.02"]
[SourceVersion "1"]
[SourceVersionDate "2017.03.02"]
[SourceQuality "1"]

1. Nf3 c5 2. g3 Nc6 3. Bg2 g6 4. 0-0 Bg7 5. c4 e6 6. Nc3 Nge7 7. b3 d5 8. Bb2 d4 9. Na4 Qd6 10. a3 Rb8 11. b4 h6 12. d3 0-0 13. Nd2 cxb4 14. axb4 Nxb4 15. Ba3 a5 16. Rc1 Qd8 17. Bxb4 axb4 18. Rb1 Bd7 19. Rxb4 Be5 20. Rb1 Bc7 21. Qc2 h5 22. Rfc1 Qe8 23. Ra1 Kg7 24. c5 b5 25. c6 Bc8 26. Nc5 Nd5 27. Bxd5 exd5 28. Nd7 h4 29. Nb3 hxg3 30. hxg3 Rh8 31. Qc5 Bxd7 32. cxd7 Qxe2 33. Qxd4+ f6 34. Rxc7 1-0

[Event "SVK-chT2A 1617"]
[Site "Slovakia"]
[Date "2016.12.04"]
[Round "6.7"]
[White "Polacik, Igor"]
[Black "Ujhelyi, Matus"]
[Result "1-0"]
[WhiteElo "2173"]
[BlackElo "1881"]
[PlyCount "63"]
[EventDate "2016.10.08"]
[EventType "team-tourn"]
[EventRounds "11"]
[EventCountry "SVK"]
[SourceTitle "EXT 2018"]
[Source "ChessBase"]
[SourceDate "2017.10.13"]
[SourceVersion "1"]
[SourceVersionDate "2017.10.13"]
[SourceQuality "1"]
[WhiteTeam "Bratislava Doprastav"]
[BlackTeam "Senec"]
[WhiteTeamCountry "SVK"]
[BlackTeamCountry "SVK"]

1. Nf3 Nf6 2. d4 g6 3. g3 Bg7 4. Bg2 0-0 5. 0-0 d6 6. c4 Nbd7 7. Nc3 c6 8. e4 e5 9. h3 Re8 10. Be3 exd4 11. Nxd4 Nc5 12. f3 a5 13. Qd2 Ne6 14. Nde2 Qe7 15. Rfe1 Nc7 16. Nf4 Be6 17. Nxe6 fxe6 18. Rad1 Red8 19. Bb6 Nfe8 20. Bf2 e5 21. Na4 Ne6 22. Bb6 c5 23. Bxd8 Qxd8 24. Qd5 Qe7 25. Nc3 Rd8 26. Nb5 Bf8 27. Qd2 Ra8 28. Rf1 Nd4 29. Nxd4 cxd4 30. f4 Bh6 31. Qe2 Nc7 32. f5 1-0

[Event "SVK-chT2A 1617"]
[Site "Slovakia"]
[Date "2016.11.05"]
[Round "3.6"]
[White "Vepy, Ivan"]
[Black "Polacik, Igor"]
[Result "0-1"]
[WhiteElo "1907"]
[BlackElo "2173"]
[PlyCount "66"]
[EventDate "2016.10.08"]
[EventType "team-tourn"]
[EventRounds "11"]
[EventCountry "SVK"]
[SourceTitle "CBM 175 Extra"]
[Source "ChessBase"]
[SourceDate "2016.12.12"]
[SourceVersion "1"]
[SourceVersionDate "2016.12.12"]
[SourceQuality "1"]
[WhiteTeam "Skalica"]
[BlackTeam "Bratislava Doprastav"]
[WhiteTeamCountry "SVK"]
[BlackTeamCountry "SVK"]

1. e4 e5 2. Bc4 Nf6 3. d3 Nc6 4. a3 Bc5 5. Nc3 d6 6. h3 Be6 7. Nd5 h6 8. Ba2 Bxd5 9. exd5 Ne7 10. c4 Nf5 11. Ne2 0-0 12. 0-0 Nh7 13. d4 Nxd4 14. Nxd4 Bxd4 15. Bb1 Qh4 16. Kh1 Nf6 17. f4 g6 18. Ra2 Rae8 19. Bd2 Nh5 20. Be1 Ng3+ 21. Bxg3 Qxg3 22. b3 f5 23. Rd2 a5 24. Re2 Qh4 25. Qd2 b6 26. Rd1 Qxf4 27. Qxf4 exf4 28. Rxe8 Rxe8 29. Bc2 Bc5 30. a4 Re2 31. Bd3 Re3 32. Bc2 f3 33. gxf3 Rxf3 0-1